| 000 | 00904nam a2200313 a 4500 | ||
|---|---|---|---|
| 001 | 200464551 | ||
| 003 | TR-AnTOB | ||
| 005 | 20250612172842.0 | ||
| 007 | ta | ||
| 008 | 231031s1990 tu 0t0 0 tur d | ||
| 040 |
_aTR-AnTOB _beng _erda _cTR-AnTOB |
||
| 041 | 0 | _atur | |
| 044 | _ctu | ||
| 050 | 0 | 0 | _aPN6505.T9 |
| 090 | 0 | 0 |
_aPN6505.T9 _bB49 1990 |
| 100 | 1 |
_aBezirci, Asım, _d1927-1993 _946763 |
|
| 245 | 1 |
_aDeyimlerimizin sözlüğü/ _cAsım Bezirci. |
|
| 250 | _aBirinci basım | ||
| 264 | 1 |
_aİstanbul : _bGendaş, _c1990. |
|
| 300 |
_a399 pages; _c20 cm |
||
| 336 |
_ametin _btxt _2rdacontent |
||
| 337 |
_aaracısız _bn _2rdamedia |
||
| 338 |
_acilt _bnc _2rdacarrier |
||
| 490 | 1 |
_aÖğrenime-öğretime yardımcı kitaplar ; _vSözlükler dizisi. |
|
| 500 | _aKaynakça var. | ||
| 650 | 0 |
_aTürk dili _xDeyimler _vSözlükler _933323 |
|
| 942 |
_2lcc _cBK |
||
| 999 |
_c200464551 _d82763 |
||